| 000 | 00688nam a2200205Ia 4500 | ||
|---|---|---|---|
| 003 | GCL | ||
| 008 | 140319s9999 xx 000 0 ara d | ||
| 020 | _a3005673977 | ||
| 040 |
_aGCL / _cGCL |
||
| 082 | 0 | 4 |
_a350.722 _bج م |
| 100 | 1 | _aجميل جريسات | |
| 245 | 1 | 0 |
_aموازنة الاداء بين النظرية والتطبيق / _cجميل جريسات |
| 250 | _aالاولى | ||
| 260 |
_aالقاهرة : _bالمنظمة العربية للتنمية الادارية ، _c1995 |
||
| 300 |
_a130 ص ؛ _c24 سم |
||
| 650 | 0 | 4 | _aالميزانية |
| 650 | 0 | 4 | _aالمالية العامة |
| 650 | 0 | 4 | _aالميزانية - ادارة مالية |
| 942 |
_2ddc _cBK |
||
| 999 |
_c5935 _d5935 |
||